| 000 | 00555nam a2200157 a 4500 | ||
|---|---|---|---|
| 001 | 000002174 | ||
| 005 | 20200929150154.0 | ||
| 008 | 090701s1996 dr 000 0 spa d | ||
| 040 |
_aDO-SdBNP _bspa _cBNPHU |
||
| 082 |
_axxxx _bR426d |
||
| 245 | 0 | 0 |
_aRepública Dominicana : _b¿Un país en proceso? |
| 260 |
_aSanto Domingo : _bCIPROS, _c1996. |
||
| 300 |
_a130 p. ; _c21 cm. |
||
| 500 | _aTaller de análisis de coyontura económica, social, política y cultural. Septiembre 1995-febrero 1996 | ||
| 710 | 2 |
_aCentro de investigaciones y promoción social _96940 |
|
| 999 |
_c2022 _d2022 |
||